Statistics for NFL Team Receiving Leaders Quiz

Click here to take the quiz!

General Stats

  • This quiz has been taken 18,427 times
    (1,670 since last reset)
  • The average score is 17 of 32

Answer Stats

Yards Team Receiver % Correct
19,24749ersJerry Rice
97%
17,083CardinalsLarry Fitzgerald
95%
12,125FalconsJulio Jones
90%
11,619LionsCalvin Johnson
86%
13,597TexansAndre Johnson
85%
10,783BengalsChad Johnson
85%
14,580ColtsMarvin Harrison
82%
14,734RaidersTim Brown
75%
12,197PanthersSteve Smith
75%
12,287JaguarsJimmy Smith
74%
11,389BroncosRod Smith
74%
7,260BuccaneersMike Evans
72%
12,977CowboysJason Witten
68%
13,089SeahawksSteve Largent
59%
12,383VikingsCris Carter
59%
14,109RamsIsaac Bruce
58%
12,083SteelersHines Ward
57%
13,095BillsAndre Reed
52%
11,841ChargersAntonio Gates
51%
10,940ChiefsTony Gonzalez
50%
9,759SaintsMarques Colston
41%
10,137PackersDonald Driver
39%
12,026RedskinsArt Monk
31%
8,869DolphinsMark Duper
25%
9,497GiantsAmani Toomer
21%
5,777RavensDerrick Mason
20%
8,978EaglesHarold Carmichael
19%
11,732JetsDon Maynard
14%
7,980BrownsOzzie Newsome
14%
10,352PatriotsStanley Morgan
13%
7,935TitansErnest Givins
11%
5,059BearsJohnny Morris
11%

Score Distribution

Percentile by Number Answered

Percent of People with Each Score

Your Score History

You have not taken this quiz since the last reset